000 01267nam a2200373 i 4500
003 EG-ScBUE
005 20241002095912.0
008 131217t2007 nyua f 001 0 eng d
020 _a9780071108218 (acid-free paper)
020 _a007110821
020 _a9780071106818
020 _a0071106812
040 _aEG-ScBUE
_beng
_erda
_cEG-ScBUE
_dEG-ScBUE
082 0 4 _a515
_bHOF
_222
100 1 _aHoffmann, Laurence D.,
_d1943-
_eauthor.
_934672
245 1 0 _aCalculus for business, economics and the social and life sciences /
_cLaurence D. Hoffmann, Salomon Smith Barney, Gerald L. Bradley, Claremont McKenna College.
250 _aNinth edition.
250 _aBrief edition.
264 1 _aNew York :
_bMcGraw-Hill Higher Education,
_c[2007]
264 4 _cc2007
300 _axxx, 758 pages :
_bcolor illustrations ;
_c26 cm
336 _2rdacontent
_atext
_btxt
337 _aunmediated
_2rdamedia
_bn
338 _avolume
_bnc
_2rdacarrier
500 _aIncludes index.
500 _aIncludes appendix.
590 _aMenna Elemam
650 7 _919913
_aCalculus
_vTextbooks.
_2BUEsh
651 _2BUEsh
653 _bBUSECO
_cAugust2015
655 _vReading book
_934232
700 1 _aBradley, Gerald L.,
_d1940-
_eauthor.
_934673
942 _cBB
_2ddc
999 _c1653
_d1653